| 000 | 00727nam a2200265Ia 4500 | ||
|---|---|---|---|
| 003 | OSt | ||
| 005 | 20220912145533.0 | ||
| 006 | a|||||r|||| 00| 0 | ||
| 007 | ta | ||
| 008 | 220909b |||||||| |||| 00| 0 eng d | ||
| 024 | _a69835 | ||
| 037 | _cTextual | ||
| 040 |
_aCSL _beng _cCSL |
||
| 041 | _aeng | ||
| 082 | _aE100:(C), L6.2 | ||
| 100 | _aBennemann K H | ||
| 245 | 0 | _aPhysics of liquid and solid helium | |
| 260 |
_aNew York _bJohn wiley _c1976 |
||
| 300 |
_ap. _ccm. |
||
| 490 | _aMonographs and texts in physics and astronomy | ||
| 650 | _aChemistry | ||
| 700 | _a Ketterson J B Ed. | ||
| 942 |
_hE100:(C), L6.2 _cTEXL _2CC |
||
| 999 |
_c33969 _d33969 |
||